Money and banking: Theory policy and institutions (Record no. 25581)

MARC details
000 -LEADER
fixed length control field 00298nam a2200109Ia 4500
082 ## - DEWEY DECIMAL CLASSIFICATION NUMBER
Classification number 336.71
Item number OBA
100 ## - MAIN ENTRY--AUTHOR NAME
Personal name O'BANNON, Helen B
245 #0 - TITLE STATEMENT
Title Money and banking: Theory policy and institutions
260 ## - PUBLICATION, DISTRIBUTION, ETC. (IMPRINT)
Place of publication London
Name of publisher Harper & Row
Year of publication 1975
942 ## - ADDED ENTRY ELEMENTS (KOHA)
Koha item type Books
Holdings
Withdrawn status Lost status Damaged status Not for loan Home library Current library Date acquired Full call number Accession Number Koha item type
        RRII Library RRII Library 16/12/2021 336.71 OBA 06236 Books